NCAA Division 1 Basketball Conferences - Statistics

General Stats
  • This quiz has been taken 332 times
  • The average score is 21 of 32
Answer Stats
Member Schools Answer % Correct
14 Big Ten Conference
98%
15 Atlantic Coast Conference
95%
14 Southeastern Conference
94%
14 Big 12 Conference
93%
14 American Athletic Conference
87%
11 Big East Conference
86%
12 Pacific 12 Conference
86%
11 Mountain West Conference
81%
12 Mid-American Conference
75%
14 Sun Belt Conference
75%
11 Big West Conference
68%
8 Ivy League
67%
9 Conference USA
66%
9 West Coast Conference
63%
11 Western Athletic Conference
63%
12 Missouri Valley Conference
62%
9 Big South Conference
61%
10 Northeast Conference
61%
15 Atlantic 10 Conference
60%
10 Big Sky Conference
60%
11 Ohio Valley Conference
59%
10 Patriot League
58%
12 Southwestern Athletic Conference
58%
10 Southern Conference
57%
11 Horizon League
56%
11 Metro Atlantic Athletic Conference
55%
14 Colonial Athletic Conference
54%
8 Mid-Eastern Athletic Conference
53%
10 Southland Conference
50%
12 Atlantic Sun Conference
49%
9 Summit League
46%
9 America East Conference
39%
No matching quizzes found
Score Distribution
Percent of People with Each Score
Percentile by Number Answered
Your Score History
You have not taken this quiz